00552nam a2200193Ia 4500003000900000008004100009020002200050040001600072080001500088100002200103245010200125250001200227260003200239300001700271650001600288650001200304650001700316700002500333IN-BaIIA211028s9999 xx 000 0 eng d a978-1-4665-6315-5 cIIA Library a523.4bCOL aCole, George H. A 0aPlanetary sciencebthe science of planets around starscGeorge H. A. Cole And Michael M. Woolfson a2nd ed. aBoca RatonbCRC Pressc2013 axxxii, 575p. aPlanetology aPlanets aSolar System aWoolfson, Michael M.